Overseas Japanese Population - Statistics

General Stats
  • This quiz has been taken 487 times
  • The average score is 16 of 20
Answer Stats
# People Country % Correct
1,469,000 United States
100%
124,000 China
98%
58,000 South Korea
96%
109,000 Canada
95%
63,000 United Kingdom
95%
1,800,000 Brazil
93%
50,000 Australia
92%
30,000 France
92%
70,000 Germany
92%
35,000 Mexico
85%
14,000 Indonesia
84%
72,000 Thailand
81%
65,000 Argentina
80%
14,000 New Zealand
80%
255,000 Philippines
78%
22,000 Malaysia
77%
27,000 Singapore
74%
103,000 Peru
73%
14,000 Bolivia
34%
20,000 F.S. Micronesia
10%
No matching quizzes found
Score Distribution
Percent of People with Each Score
Percentile by Number Answered
Your Score History
You have not taken this quiz